| 000 | 00858cam a22002775i 4500 | ||
|---|---|---|---|
| 001 | 24094351 | ||
| 003 | OSt | ||
| 005 | 20250627132204.0 | ||
| 008 | 250320s2024 ke a b 001 0 eng | ||
| 010 | _a 2025327163 | ||
| 020 | _a9789914736335 | ||
| 040 |
_aDLC _beng _cDLC _erda |
||
| 042 |
_apcc _alcode |
||
| 082 |
_2MUK _a920.72 |
||
| 100 | 1 | _aMukhwana, Juma. | |
| 245 | 1 | 0 |
_aMy passion for change : _bautobiography / _cJuma Mukhwana. |
| 264 | 1 |
_aNairobi, Kenya : _bBookmark Africa Limited, _c2024. |
|
| 300 |
_ax, 288 pages : _bcolor illustrations ; _c21 cm. |
||
| 336 |
_atext _btxt _2rdacontent |
||
| 337 |
_aunmediated _bn _2rdamedia |
||
| 338 |
_avolume _bnc _2rdacarrier |
||
| 504 | _aIncludes bibliographical references (page 284) and index. | ||
| 906 |
_a0 _bibc _corigode _d2 _encip _f20 _gy-gencatlg |
||
| 942 |
_2ddc _cBK |
||
| 999 |
_c4103 _d4103 |
||